| 000 | 00770nam a2200229 4500 | ||
|---|---|---|---|
| 008 | s2004 fr fre u | ||
| 020 | _a9782701138343 | ||
| 040 | _aLB-BrCRDP | ||
| 082 | 1 |
_aGS _bMAT. g |
|
| 100 | 1 | _aStoecklé, Denis | |
| 245 | 1 | 3 |
_aLe nouveau MATH élem. - GS _cDenis Stoecklé |
| 260 |
_aParis _bBelin _c2004 |
||
| 300 |
_a112 p. _c24 cm |
||
| 500 | _aSommaire. | ||
| 520 | _aPour donner un sens concret à l'apprentissage en école maternelle, cet ouvrage vous guide dans la mise en œuvre d'une pédagogie de projets. | ||
| 650 | 4 | _aEcole maternelle | |
| 650 | 4 | _aEnseignement des mathématiques | |
| 650 | 4 | _aGrande section | |
| 650 | 4 | _aActivités numériques | |
| 942 | _cBK | ||
| 999 |
_c3450 _d3450 |
||